000 00493nam a2200145 a 4500
008 120416s0000 ||||||||||||||||| || u
020 _a0582204356
050 _aD 743 Bay
100 _aBayne-Jardine, C. C
245 1 0 _aWorld war two
260 _aLondon
_bLongman
_c1978
300 _av, 143p. : ill.
350 _a0.00
995 _D0.00
_FCBU-MAIN LIBRARY (Kitwe)
_H1
_I12.95
_M1
_UAVAILABLE
_WJun 23, 2006
_ZMain Library Open Access Collection
999 _c62194
_d62194